000 00467cam a22001337a 4500
008 180718b2009 xxu||||| |||| 00| 0 eng d
082 _aAPPPA 2008-09/VIV
100 _aVivekanandan, P.
245 _aCultivating emotional intelligence for improving human behaviour among armed forces personnel
_cby P. Vivekanandan
260 _aNew Delhi
_bIndian Institute of Public Administration
_c2009
300 _a151p.
650 _aMotivation
650 _aArmed forces - India
999 _c495195
_d495195